Law Relating to Science and Technology (Record no. 232104)
[ view plain ]
| 000 -LEADER | |
|---|---|
| fixed length control field | 00738nam a22002417a 4500 |
| 005 - DATE AND TIME OF LATEST TRANSACTION | |
| control field | 20241205122038.0 |
| 008 - FIXED-LENGTH DATA ELEMENTS--GENERAL INFORMATION | |
| fixed length control field | 241205b ||||| |||| 00| 0 eng d |
| 020 ## - INTERNATIONAL STANDARD BOOK NUMBER | |
| International Standard Book Number | 9789384746858 |
| 040 ## - CATALOGING SOURCE | |
| Transcribing agency | AL |
| 041 ## - LANGUAGE CODE | |
| Language code of text/sound track or separate title | eng |
| 082 ## - DEWEY DECIMAL CLASSIFICATION NUMBER | |
| Edition number | 23 |
| Classification number | 344.095 |
| Item number | SRIL |
| 100 ## - MAIN ENTRY--PERSONAL NAME | |
| Personal name | Lily Srivastava |
| 100 ## - MAIN ENTRY--PERSONAL NAME | |
| 9 (RLIN) | 187887 |
| 245 ## - TITLE STATEMENT | |
| Title | Law Relating to Science and Technology |
| 260 ## - PUBLICATION, DISTRIBUTION, ETC. | |
| Place of publication, distribution, etc. | New Delhi |
| Name of publisher, distributor, etc. | Thomson Reuters |
| Date of publication, distribution, etc. | 2016 |
| 300 ## - PHYSICAL DESCRIPTION | |
| Extent | lxxv,2018p. |
| Other physical details | HB |
| Dimensions | 24x16cm. |
| 365 ## - TRADE PRICE | |
| Source of price type code | Law |
| Price type code | 1060 |
| Price amount | 1642.50 |
| Currency code | ₹ |
| Unit of pricing | 2250.00 |
| Price note | 27% |
| Price effective from | 28-11-2024 |
| 650 ## - SUBJECT ADDED ENTRY--TOPICAL TERM | |
| Topical term or geographic name entry element | Environment Technology |
| 9 (RLIN) | 187882 |
| 650 ## - SUBJECT ADDED ENTRY--TOPICAL TERM | |
| Topical term or geographic name entry element | Biotechnology |
| 9 (RLIN) | 187883 |
| 650 ## - SUBJECT ADDED ENTRY--TOPICAL TERM | |
| Topical term or geographic name entry element | Clinical Research on Humans |
| 9 (RLIN) | 187884 |
| 650 ## - SUBJECT ADDED ENTRY--TOPICAL TERM | |
| Topical term or geographic name entry element | Drug Technology |
| 9 (RLIN) | 187885 |
| 700 ## - ADDED ENTRY--PERSONAL NAME | |
| Personal name | SRIVASTAVA (Lily) |
| 9 (RLIN) | 187886 |
| 942 ## - ADDED ENTRY ELEMENTS (KOHA) | |
| Source of classification or shelving scheme | Dewey Decimal Classification |
| Koha item type | Reference |
| Withdrawn status | Lost status | Source of classification or shelving scheme | Damaged status | Not for loan | Collection code | Home library | Current library | Date acquired | Source of acquisition | Cost, normal purchase price | Total Checkouts | Full call number | Barcode | Date last seen | Cost, replacement price | Price effective from | Koha item type |
|---|---|---|---|---|---|---|---|---|---|---|---|---|---|---|---|---|---|
| Dewey Decimal Classification | Reference Book | Law | St Aloysius Law Library | St Aloysius Law Library | 12/03/2024 | MPP House Law Books Publishers Bengaluru-560009 | 1642.50 | 344.095 SRIL | LL000344 | 12/05/2024 | 2250.00 | 12/05/2024 | Reference | ||||
| Dewey Decimal Classification | Reference Book | Law | St Aloysius Law Library | St Aloysius Law Library | 12/03/2024 | MPP House Law Books Publishers Bengaluru-560009 | 1642.50 | 344.095 SRIL | LL000345 | 12/05/2024 | 2250.00 | 12/05/2024 | Reference | ||||
| Dewey Decimal Classification | Reference Book | Law | St Aloysius Law Library | St Aloysius Law Library | 12/03/2024 | MPP House Law Books Publishers Bengaluru-560009 | 1642.50 | 344.095 SRIL | LL000346 | 12/05/2024 | 2250.00 | 12/05/2024 | Reference | ||||
| Dewey Decimal Classification | Reference Book | Law | St Aloysius Law Library | St Aloysius Law Library | 12/03/2024 | MPP House Law Books Publishers Bengaluru-560009 | 1642.50 | 344.095 SRIL | LL000347 | 12/05/2024 | 2250.00 | 12/05/2024 | Reference | ||||
| Dewey Decimal Classification | Reference Book | Law | St Aloysius Law Library | St Aloysius Law Library | 12/03/2024 | MPP House Law Books Publishers Bengaluru-560009 | 1642.50 | 344.095 SRIL | LL000348 | 12/05/2024 | 2250.00 | 12/05/2024 | Reference |